Gedl, Marek, 1934-. Die Lanzenspitzen in Polen. - Stuttgart : Steiner. - 2009 [Rezension]
| Titel: | Gedl, Marek, 1934-. Die Lanzenspitzen in Polen. - Stuttgart : Steiner. - 2009 [Rezension] |
|---|---|
| Verfasser: | |
| In: |
Prähistorische Zeitschrift, Band 85, Heft 1 (2010), Seite 133-135 alle Artikel anzeigen |
| Veröffentlicht: | 2010 |
| Format: | Aufsatz |
| Sprache: | Deutsch |
| Hinweise zum Inhalt: |
zusätzliche Angaben
|
X
alg: 39506654
001A $01999:12-11-16
001B $01999:04-08-21 $t21:03:43.000
001D $01999:12-11-16
001U $0utf8
001X $00
002@ $0Aox
003@ $0395066549
007A $0395066549 $aHEB
007T $0Herdc0083073m
009P $A2 $3zusätzliche Angaben $uhttp://www.degruyter.com/view/j/prhz.2010.85.issue-1/pz.2010.008/pz.2010.008.xml?format=INT
010@ $ager
011@ $a2010
021A $aGedl, Marek, 1934-. Die @Lanzenspitzen in Polen. - Stuttgart : Steiner. - 2009 [Rezension]
028A $aDietrich $dOliver
031A $d85 $e1 $h133-135 $j2010
039B $aIn $8--Abvc--. Prähistorische Zeitschrift. - Berlin {[u.a.] : de Gruyter, 1909-. - ISSN 0079-4848 $x201000000850001867 $9047249722
039T $8--Aau--Gedl, Marek$Z1934-2014 [Tp1]. Die @Lanzenspitzen in Polen. - Stuttgart : Steiner, 2009. - IX, 127, 60 Seiten. - Illustrationen, Karten. - ISBN 978-3-515-09353-8 $9212157264
045F $a900.9438 $eDDC23BSB
045F/01 $a900
045F/03 $g438
045T $a6,11
lok: 39506654 78
exp: 39506654 78 1 #EPN
201B/01 $018-11-16 $t13:38:36.000
201U/01 $0utf8
203@/01 $0791365182
208@/01 $a12-11-16 $be
209A/01 $a/ $f000 $x00
220C/01 $aTitelaufnehmer: pg
220C/01 $aHerkunft: HI Marburg
244Z/01 $2Trx $#Poola $#Lenkija $#Polija $#Polen Land $#Poland $#Lengyelország $#Poľsko $#Polsko $8--Trx--Polska$gkraj $x01 $9391345966
244Z/01 $2Trx $#arvustused $#recenzijos $#Reviews $#recenziók $#recenzje $#recenzie $#recenze $8--Trx--Rezensionen $x02 $9391357441
244Z/01 $2Trx $8--Trx--elektronische Ressource $x03 $939138452X
247C/01 $82080>Marburg/Lahn, Herder-Institut, Forschungsbibliothek, Bibliographieportal $9336309341
| LEADER | 00000caa a22000002c 4500 | ||
|---|---|---|---|
| 001 | 395066549 | ||
| 003 | DE-603 | ||
| 005 | 20210804210343.0 | ||
| 007 | tu | ||
| 008 | 161112s2010 xx |||| | u00||u|ger c | ||
| 035 | |a (DE-599)HEB395066549 | ||
| 040 | |a DE-603 |b ger |c DE-603 |d DE-603 | ||
| 041 | |a ger | ||
| 082 | 0 | 4 | |8 1\u |a 900.9438 |q DE-101 |2 23/BSB |
| 084 | |a 6,11 |2 ssgn | ||
| 085 | |8 1\u |b 900 | ||
| 085 | |8 1\u |z 2 |s 438 | ||
| 100 | 1 | |a Dietrich, Oliver | |
| 245 | 0 | 0 | |a Gedl, Marek, 1934-. Die Lanzenspitzen in Polen. - Stuttgart : Steiner. - 2009 [Rezension] |
| 264 | 0 | |c 2010 | |
| 773 | 0 | 8 | |i In |t Prähistorische Zeitschrift |d Berlin [u.a.] : de Gruyter, 1909- |x 0079-4848 |g Band 85, Heft 1 (2010), Seite 133-135 |w (DE-603)047249722 |w (DE-600)200096-9 |
| 787 | 0 | 8 | |i Rezension von |a Gedl, Marek, 1934-2014 |t Die Lanzenspitzen in Polen |d Stuttgart : Steiner, 2009 |h IX, 127, 60 Seiten, Illustrationen, Karten |z 9783515093538 |w (DE-603)212157264 |
| 856 | 4 | 2 | |u http://www.degruyter.com/view/j/prhz.2010.85.issue-1/pz.2010.008/pz.2010.008.xml?format=INT |3 zusätzliche Angaben |
| 924 | 0 | |9 2080 |a (DE-603)791365182 |b DE-2080 |c HES |d d |g / | |


